000 00934nac a22002171u 4500
008 100915t xxu||||| |||| 00| 0 eng d
010 _a2002279536
020 _a8120323793
035 _a(OCoLC)ocm48513940
082 0 0 _a629.892
_bNIK
100 _aNiku, Saeed B.
_919199
245 1 3 _aIntroduction to Robotics Analysis, Systems, Applications /
_cSaeed B. Niku.
246 3 0 _aRobotics analysis, systems, applications
260 _aNew Delhi :
_bPrentice Hall of India,
_cc2003.
300 _axiv, 349 p. :
_bill. ;
_c24 cm.
504 _aIncludes bibliographical references and index.
650 0 _aRobotics.
_919200
856 4 1 _3Table of contents
_uhttp://www.loc.gov/catdir/toc/fy032/2002279536.html
942 _cBB
_k629.892NIK
_2ddc
999 _c674
_d674